Jalkapallon MM-kisat - Mitalistit - Statistics

Yleistilastot
  • Tätä visaa on pelattu 214 kertaa
  • Keskiarvotulos 16 / 20
Vastaustilastot
Kultaa Hopeaa Pronssia Yht. Valtio % Oikein
5 2 2 9 Brasilia
99%
4 4 4 12 Saksa
99%
3 3 6 Argentiina
98%
2 2 2 6 Ranska
97%
4 2 1 7 Italia
95%
1 1 Espanja
93%
2 2 Uruguay
91%
1 2 3 Ruotsi
90%
1 1 Englanti
88%
3 1 4 Alankomaat
86%
1 1 Portugali
84%
1 1 Belgia
80%
1 1 Yhdysvallat
77%
1 2 3 Kroatia
75%
2 2 Puola
72%
2 2 Tšekkoslovakia
66%
1 1 Chile
65%
1 1 Turkki
63%
2 2 Unkari
59%
1 1 Itävalta
47%
Ehtoja vastaavia visoja ei löytynyt
Tulosjakauma
Jokaisen tuloksen saaneiden osuus
Persentiili vastausten määrän mukaan
Tuloshistoriasi
Et ole pelannut tätä visaa